Antique intaglios: in the Hermitage collektion
| Jazyk: | angličtina |
|---|---|
| Vydáno: |
|
| Médium: | MixedMaterials Kniha |
| KOHA link: | https://koha.lib.tpu.ru/cgi-bin/koha/opac-detail.pl?biblionumber=91458 |
MARC
| LEADER | 00000nam0a2200000 4500 | ||
|---|---|---|---|
| 001 | 91458 | ||
| 005 | 20231031104052.0 | ||
| 035 | |a (RuTPU)RU\TPU\book\98046 | ||
| 090 | |a 91458 | ||
| 100 | |a 20060226d 1976m y0rusy50 ba | ||
| 101 | 2 | |a eng | |
| 102 | |a RU | ||
| 105 | |a a z 001zy | ||
| 200 | 1 | |a Antique intaglios |e in the Hermitage collektion |d Античные инталии в собрании Эрмитажа | |
| 210 | |||
| 215 | |a 112 с. |c ил. | ||
| 300 | |||
| 320 | |a Список сокращений: с. 41-45 | ||
| 801 | 1 | |a RU |b 63413507 |c 20060226 |g PSBO | |
| 942 | |c BK | ||